[Event "Muensterland Verbandsklasse 2526"]
[Site "Germany"]
[Date "2025.10.04"]
[Round "2"]
[Board "3"]
[White "Stalz, Manfred"]
[Black "Heimann, Karsten"]
[Result "1/2-1/2"]
[WhiteElo "1704"]
[BlackElo "1667"]
[WhiteFideId "-1"]
[BlackFideId "-1"]
[PlyCount "43"]
[GameId "546628500070"]
[EventDate "2025.??.??"]
[EventType "team-tourn"]
[EventRounds "9"]
[EventCountry "GER"]
[SourceTitle "Verband Muensterland"]
[SourceDate "2026.01.17"]
[SourceVersion "1"]
[SourceVersionDate "2026.01.17"]
[SourceQuality "1"]
[WhiteTeam "Billerbeck"]
[BlackTeam "Olfen"]
[WhiteTeamCountry "GER"]
[BlackTeamCountry "GER"]

1. d4 d5 2. Nf3 Nf6 3. e3 e6 4. Bd3 Bd6 5. O-O O-O 6. Nbd2 c5 7. dxc5 Bxc5 8. e4 dxe4 9. Nxe4 Be7 10. Bf4 Nc6 11. a3 Nd5 12. Bd2 e5 13. Nc3 Bg4 14. Be4 Nf6 15. h3 Nxe4 16. hxg4 Nxd2 17. Qxd2 Qxd2 18. Nxd2 Rfd8 19. Nf3 f6 20. Rad1 Rxd1 21. Rxd1 Rd8 22. Rxd8+ 1/2-1/2

[Event "Muensterland Verbandsklasse 2526"]
[Site "Germany"]
[Date "2025.10.04"]
[Round "2"]
[Board "4"]
[White "Breuer, Bernd"]
[Black "Korschunow, Dennis"]
[Result "1/2-1/2"]
[WhiteElo "1764"]
[BlackElo "1648"]
[WhiteFideId "-1"]
[BlackFideId "-1"]
[PlyCount "110"]
[GameId "546629635611"]
[EventDate "2025.??.??"]
[EventType "team-tourn"]
[EventRounds "9"]
[EventCountry "GER"]
[SourceTitle "Verband Muensterland"]
[SourceDate "2026.01.17"]
[SourceVersion "1"]
[SourceVersionDate "2026.01.17"]
[SourceQuality "1"]
[WhiteTeam "Olfen"]
[BlackTeam "Billerbeck"]
[WhiteTeamCountry "GER"]
[BlackTeamCountry "GER"]

1. d4 d5 2. c4 c6 3. Nf3 Nf6 4. cxd5 cxd5 5. Nc3 Nc6 6. Bg5 e6 7. e3 Be7 8. Be2 O-O 9. O-O h6 10. Bh4 Bd7 11. Ne5 Ne8 12. Bxe7 Qxe7 13. Bh5 Nxe5 14. dxe5 f6 15. f4 fxe5 16. fxe5 Nc7 17. Qg4 Be8 18. Rxf8+ Qxf8 19. Rf1 Qe7 20. Ne2 Bxh5 21. Qxh5 Rf8 22. Rxf8+ Qxf8 23. Nd4 Qb4 24. Qe2 Qc4 25. Qxc4 dxc4 26. e4 Kf7 27. a4 a6 28. Kf2 b5 29. axb5 axb5 30. Ke3 g5 31. g4 b4 32. Nc2 Na6 33. Kd4 c3 34. bxc3 b3 35. Na3 Ke7 36. c4 b2 37. Kc3 Nc5 38. Kxb2 Nxe4 39. Nc2 Nf2 40. Ne3 Nd3+ 41. Kc3 Nxe5 42. c5 Kd7 43. Kd4 Nf3+ 44. Ke4 Nxh2 45. Ke5 Nf3+ 46. Kf6 Nd4 47. Kg6 Kc6 48. Kxh6 Nf3 49. Kg6 Kxc5 50. Kf6 Kd4 51. Nc2+ Kd3 52. Nb4+ Kc4 53. Nc2 e5 54. Kf5 Nd4+ 55. Kxe5 Nxc2 1/2-1/2

[Event "Muensterland Verbandsklasse 2526"]
[Site "Germany"]
[Date "2025.10.04"]
[Round "2"]
[Board "5"]
[White "Strumann, Kjartan Bjoern"]
[Black "Hoppe, Marc"]
[Result "1-0"]
[WhiteElo "1767"]
[BlackElo "1587"]
[WhiteFideId "-1"]
[BlackFideId "-1"]
[PlyCount "69"]
[GameId "546628651722"]
[EventDate "2025.??.??"]
[EventType "team-tourn"]
[EventRounds "9"]
[EventCountry "GER"]
[SourceTitle "Verband Muensterland"]
[SourceDate "2026.01.17"]
[SourceVersion "1"]
[SourceVersionDate "2026.01.17"]
[SourceQuality "1"]
[WhiteTeam "Billerbeck"]
[BlackTeam "Olfen"]
[WhiteTeamCountry "GER"]
[BlackTeamCountry "GER"]

1. e4 c5 2. Nf3 Nc6 3. d4 cxd4 4. Nxd4 e5 5. Nb5 a6 6. Nd6+ Bxd6 7. Qxd6 Qe7 8. Qd1 Nf6 9. Nc3 Qb4 10. Bd3 O-O 11. O-O h6 12. Qf3 d6 13. Bxh6 Bg4 14. Qg3 gxh6 15. Nd5 Nxd5 16. Qxg4+ Kh8 17. Qh5 Nf4 18. Qxh6+ Kg8 19. Qg5+ Kh7 20. Rfe1 f6 21. Qf5+ Kg7 22. Re3 Ne7 23. Rg3+ Kf7 24. Qh7+ Ke6 25. c3 Qc5 26. Rg7 Rae8 27. Bc2 d5 28. exd5+ Nfxd5 29. c4 Qxc4 30. Bb3 Qf4 31. g3 Qf5 32. Rxe7+ Rxe7 33. Bxd5+ Kxd5 34. Qxf5 Rff7 35. Rc1 1-0

[Event "Muensterland Verbandsklasse 2526"]
[Site "Germany"]
[Date "2025.10.04"]
[Round "2"]
[Board "7"]
[White "Suhojarskij, Peter"]
[Black "Huening, Matthias"]
[Result "1/2-1/2"]
[WhiteElo "1453"]
[BlackElo "1435"]
[WhiteFideId "-1"]
[BlackFideId "-1"]
[PlyCount "97"]
[GameId "546630057102"]
[EventDate "2025.??.??"]
[EventType "team-tourn"]
[EventRounds "9"]
[EventCountry "GER"]
[SourceTitle "Verband Muensterland"]
[SourceDate "2026.01.17"]
[SourceVersion "1"]
[SourceVersionDate "2026.01.17"]
[SourceQuality "1"]
[WhiteTeam "Billerbeck"]
[BlackTeam "Olfen"]
[WhiteTeamCountry "GER"]
[BlackTeamCountry "GER"]

1. e4 e5 2. Nf3 Nc6 3. Bc4 Bc5 4. c3 a6 5. O-O Nf6 6. d4 Bd6 7. Re1 O-O 8. Bg5 Re8 9. Nbd2 Na5 10. Bd3 b5 11. a4 c6 12. b4 Nb7 13. axb5 cxb5 14. Bxb5 Qb6 15. Nc4 Qc7 16. Rxa6 Rxa6 17. Bxa6 h6 18. Bxf6 gxf6 19. Nh4 exd4 20. Nxd6 Nxd6 21. Bxc8 Qxc8 22. Qxd4 Re6 23. Nf3 Nb5 24. Qd3 Qc6 25. Nd4 Nxd4 26. Qxd4 d5 27. f3 dxe4 28. Rxe4 Rd6 29. Qc4 Qb6+ 30. Rd4 Rc6 31. Qd3 Re6 32. Kf1 Re8 33. Rd6 Qa7 34. Qd1 Qe3 35. Rd3 Qb6 36. Qd2 Qc7 37. Qxh6 Qe5 38. Qd2 Qxh2 39. Rd4 Kf8 40. Kf2 Qh5 41. Qf4 Qg6 42. Re4 Rd8 43. Qg4 Qh6 44. Rf4 Qh7 45. Qh3 Qc2+ 46. Kg3 Qxc3 47. Qh6+ Ke7 48. Re4+ Kd7 49. Qf4 1/2-1/2

[Event "Muensterland Verbandsklasse 2526"]
[Site "Germany"]
[Date "2025.10.04"]
[Round "2"]
[Board "1"]
[White "Georg, Felix"]
[Black "Kloenne, Tim"]
[Result "1-0"]
[WhiteElo "2042"]
[BlackElo "1803"]
[WhiteFideId "-1"]
[BlackFideId "-1"]
[PlyCount "27"]
[GameId "2095106920076468"]
[EventDate "2025.??.??"]
[EventType "team-tourn"]
[EventRounds "9"]
[EventCountry "GER"]
[SourceTitle "Verband Muensterland"]
[SourceDate "2026.01.17"]
[SourceVersion "1"]
[SourceVersionDate "2026.01.17"]
[SourceQuality "1"]
[WhiteTeam "Nordkirchen"]
[BlackTeam "Gronau II"]
[WhiteTeamCountry "GER"]
[BlackTeamCountry "GER"]

1. d4 g6 2. c4 Bg7 3. Nc3 d6 4. e4 a6 5. Nge2 Nd7 6. Ng3 e5 7. d5 Ne7 8. h4 f5 9. exf5 Nf6 10. fxg6 hxg6 11. Bg5 Bf5 12. h5 Bg4 13. Be2 Qd7 14. h6 1-0

[Event "Muensterland Verbandsklasse 2526"]
[Site "Germany"]
[Date "2025.10.04"]
[Round "2"]
[Board "2"]
[White "Reinhold, Klaus"]
[Black "Spaeh, Jan Lukas"]
[Result "1/2-1/2"]
[WhiteElo "1773"]
[BlackElo "1941"]
[WhiteFideId "-1"]
[BlackFideId "-1"]
[PlyCount "34"]
[GameId "2095107169440957"]
[EventDate "2025.??.??"]
[EventType "team-tourn"]
[EventRounds "9"]
[EventCountry "GER"]
[SourceTitle "Verband Muensterland"]
[SourceDate "2026.01.17"]
[SourceVersion "1"]
[SourceVersionDate "2026.01.17"]
[SourceQuality "1"]
[WhiteTeam "Gronau II"]
[BlackTeam "Nordkirchen"]
[WhiteTeamCountry "GER"]
[BlackTeamCountry "GER"]

1. d4 d5 2. c4 e6 3. Nf3 a6 4. c5 b6 5. cxb6 c5 6. Nc3 Nd7 7. g3 Ngf6 8. Bg2 Nxb6 9. O-O Be7 10. Ne5 Bb7 11. Be3 Rc8 12. Rc1 c4 13. b3 O-O 14. bxc4 Nxc4 15. Nxc4 Rxc4 16. Na4 Rxc1 17. Qxc1 Nd7 1/2-1/2

[Event "Muensterland Verbandsklasse 2526"]
[Site "Germany"]
[Date "2025.10.04"]
[Round "2"]
[Board "3"]
[White "Jendrich, Manuel"]
[Black "Binger, Friedhelm"]
[Result "1-0"]
[WhiteElo "1832"]
[BlackElo "1688"]
[WhiteFideId "-1"]
[BlackFideId "-1"]
[PlyCount "83"]
[GameId "2095107233178822"]
[EventDate "2025.??.??"]
[EventType "team-tourn"]
[EventRounds "9"]
[EventCountry "GER"]
[SourceTitle "Verband Muensterland"]
[SourceDate "2026.01.17"]
[SourceVersion "1"]
[SourceVersionDate "2026.01.17"]
[SourceQuality "1"]
[WhiteTeam "Nordkirchen"]
[BlackTeam "Gronau II"]
[WhiteTeamCountry "GER"]
[BlackTeamCountry "GER"]

1. e4 e5 2. Nf3 Nc6 3. Bb5 a6 4. Ba4 Nf6 5. O-O d6 6. d4 b5 7. dxe5 Nxe5 8. Nxe5 dxe5 9. Qxd8+ Kxd8 10. Bb3 Ke8 11. Nc3 Bb7 12. Re1 Bb4 13. Bd2 Rd8 14. Rad1 c5 15. Bd5 Bxd5 16. exd5 Nd7 17. a3 Ba5 18. Nxb5 Bb6 19. Nd6+ Ke7 20. Nc4 f6 21. f4 Bc7 22. d6+ Bxd6 23. Nxd6 Kxd6 24. Ba5+ Ke6 25. Bxd8 Rxd8 26. fxe5 fxe5 27. Rd2 Rb8 28. b3 Rb6 29. Re4 Nf6 30. Rc4 Nd7 31. Rd3 Rb8 32. Ra4 Rb6 33. Ra5 Rc6 34. h3 e4 35. Rg3 g6 36. Kf2 Nf6 37. Rc3 Nd7 38. b4 c4 39. g4 Nf6 40. Rc5 Rxc5 41. bxc5 Kd5 42. c6 1-0

[Event "Muensterland Verbandsklasse 2526"]
[Site "Germany"]
[Date "2025.10.04"]
[Round "2"]
[Board "4"]
[White "Schlueter, Gerhard"]
[Black "Steffens, Gerd"]
[Result "1/2-1/2"]
[WhiteElo "1606"]
[BlackElo "1721"]
[WhiteFideId "-1"]
[BlackFideId "-1"]
[PlyCount "49"]
[GameId "2095107319190735"]
[EventDate "2025.??.??"]
[EventType "team-tourn"]
[EventRounds "9"]
[EventCountry "GER"]
[SourceTitle "Verband Muensterland"]
[SourceDate "2026.01.17"]
[SourceVersion "1"]
[SourceVersionDate "2026.01.17"]
[SourceQuality "1"]
[WhiteTeam "Gronau II"]
[BlackTeam "Nordkirchen"]
[WhiteTeamCountry "GER"]
[BlackTeamCountry "GER"]

1. e4 e6 2. d4 b6 3. Nf3 Bb7 4. Bd3 c5 5. c3 cxd4 6. Nxd4 Nc6 7. Be3 Nf6 8. Nd2 Be7 9. O-O Nxd4 10. Bxd4 Qc7 11. Qe2 e5 12. Be3 O-O 13. f3 Bc5 14. Qf2 Bxe3 15. Qxe3 Rad8 16. c4 Nh5 17. Rac1 d6 18. g3 Bc8 19. Rfd1 g6 20. Bf1 Ng7 21. Bg2 f5 22. Qa3 f4 23. g4 Ne6 24. Nb3 Kg7 25. Rd2 1/2-1/2

[Event "Muensterland Verbandsklasse 2526"]
[Site "Germany"]
[Date "2025.10.04"]
[Round "2"]
[Board "5"]
[White "Grasse, Herbert"]
[Black "Gerdes, Joachim"]
[Result "1-0"]
[WhiteElo "1729"]
[BlackElo "1375"]
[WhiteFideId "-1"]
[BlackFideId "-1"]
[PlyCount "75"]
[GameId "2095107403830488"]
[EventDate "2025.??.??"]
[EventType "team-tourn"]
[EventRounds "9"]
[EventCountry "GER"]
[SourceTitle "Verband Muensterland"]
[SourceDate "2026.01.17"]
[SourceVersion "1"]
[SourceVersionDate "2026.01.17"]
[SourceQuality "1"]
[WhiteTeam "Nordkirchen"]
[BlackTeam "Gronau II"]
[WhiteTeamCountry "GER"]
[BlackTeamCountry "GER"]

1. Nf3 Nf6 2. g3 b6 3. Bg2 Bb7 4. O-O d5 5. d3 h6 6. Re1 e6 7. Nbd2 Nbd7 8. e4 dxe4 9. dxe4 e5 10. b3 Bd6 11. Bb2 O-O 12. Qe2 Re8 13. Rad1 a5 14. Nh4 Nc5 15. Nf5 Bf8 16. Nc4 Qc8 17. Bh3 Qb8 18. f3 Ba6 19. Qd2 Bxc4 20. bxc4 Na4 21. Ba1 Bc5+ 22. Kg2 Bb4 23. c3 Bf8 24. Qc2 Nc5 25. Bb2 Ne6 26. Kh1 Bc5 27. Bc1 Kh7 28. Bd2 Rd8 29. Qc1 Ng8 30. f4 exf4 31. gxf4 Rd3 32. Bf1 Rd7 33. Be3 Qd8 34. Bxc5 Nxc5 35. Rxd7 Qxd7 36. Qc2 Qe8 37. e5 Rd8 38. Nd6+ 1-0

[Event "Muensterland Verbandsklasse 2526"]
[Site "Germany"]
[Date "2025.10.04"]
[Round "2"]
[Board "6"]
[White "Bajadjan, Erik"]
[Black "Krabbe, Christian"]
[Result "0-1"]
[WhiteElo "1263"]
[BlackElo "1941"]
[WhiteFideId "-1"]
[BlackFideId "-1"]
[PlyCount "52"]
[GameId "2095107464140001"]
[EventDate "2025.??.??"]
[EventType "team-tourn"]
[EventRounds "9"]
[EventCountry "GER"]
[SourceTitle "Verband Muensterland"]
[SourceDate "2026.01.17"]
[SourceVersion "1"]
[SourceVersionDate "2026.01.17"]
[SourceQuality "1"]
[WhiteTeam "Gronau II"]
[BlackTeam "Nordkirchen"]
[WhiteTeamCountry "GER"]
[BlackTeamCountry "GER"]

1. e4 d6 2. d4 Nf6 3. Nc3 g6 4. Nf3 Bg7 5. Be2 O-O 6. O-O Nbd7 7. Be3 e5 8. d5 a5 9. Qd2 Ng4 10. Bg5 f6 11. Be3 Nxe3 12. Qxe3 f5 13. exf5 gxf5 14. Nd2 Kh8 15. f4 Bh6 16. g3 c6 17. dxc6 bxc6 18. Qd3 Nc5 19. Qf3 e4 20. Qh5 Bg7 21. Nb3 Ne6 22. Rad1 a4 23. Nd2 Qb6+ 24. Kh1 d5 25. Rb1 Qe3 26. Rfd1 a3 0-1

[Event "Muensterland Verbandsklasse 2526"]
[Site "Germany"]
[Date "2025.10.04"]
[Round "2"]
[Board "7"]
[White "Austrup, David"]
[Black "Mussmann, Theodor"]
[Result "1-0"]
[WhiteElo "1932"]
[BlackElo "857"]
[WhiteFideId "-1"]
[BlackFideId "-1"]
[PlyCount "47"]
[GameId "2095107553645802"]
[EventDate "2025.??.??"]
[EventType "team-tourn"]
[EventRounds "9"]
[EventCountry "GER"]
[SourceTitle "Verband Muensterland"]
[SourceDate "2026.01.17"]
[SourceVersion "1"]
[SourceVersionDate "2026.01.17"]
[SourceQuality "1"]
[WhiteTeam "Nordkirchen"]
[BlackTeam "Gronau II"]
[WhiteTeamCountry "GER"]
[BlackTeamCountry "GER"]

1. e4 c5 2. d4 cxd4 3. c3 dxc3 4. Nxc3 Nc6 5. Nf3 e5 6. Bc4 h6 7. Qb3 Qe7 8. Nd5 Qd6 9. Nc7+ Qxc7 10. Bxf7+ Kd8 11. Bxg8 Bb4+ 12. Bd2 Bxd2+ 13. Kxd2 Ne7 14. Bc4 d6 15. Rac1 Bd7 16. Rhd1 Ng6 17. Rc3 Ke7 18. Bf7 Qa5 19. Bxg6 Rhf8 20. Kc1 Rab8 21. Rd5 Qa6 22. Bf5 Ba4 23. Rc7+ Kf6 24. Qxa4 1-0

[Event "Muensterland Verbandsklasse 2526"]
[Site "Germany"]
[Date "2025.10.04"]
[Round "2"]
[Board "8"]
[White "Schwabenland, Arthur"]
[Black "Lohoff, Marc"]
[Result "0-1"]
[WhiteElo "1244"]
[BlackElo "1585"]
[WhiteFideId "-1"]
[BlackFideId "-1"]
[PlyCount "102"]
[GameId "2095107615425779"]
[EventDate "2025.??.??"]
[EventType "team-tourn"]
[EventRounds "9"]
[EventCountry "GER"]
[SourceTitle "Verband Muensterland"]
[SourceDate "2026.01.17"]
[SourceVersion "1"]
[SourceVersionDate "2026.01.17"]
[SourceQuality "1"]
[WhiteTeam "Gronau II"]
[BlackTeam "Nordkirchen"]
[WhiteTeamCountry "GER"]
[BlackTeamCountry "GER"]

1. d4 d5 2. c4 e5 3. dxe5 d4 4. Nf3 Nc6 5. a3 Nge7 6. b4 Ng6 7. Bb2 Ncxe5 8. Nxe5 Nxe5 9. Qxd4 Qxd4 10. Bxd4 Nxc4 11. e3 Be6 12. Nd2 Nxd2 13. Kxd2 f6 14. Rc1 Bd6 15. Bc4 Ke7 16. f4 Rhd8 17. Ke2 a5 18. Bxe6 Kxe6 19. Bc5 c6 20. Bb6 Rdc8 21. Bc5 axb4 22. f5+ Ke7 23. axb4 Bxc5 24. Rxc5 Ra2+ 25. Kf3 Rd8 26. b5 Ra5 27. Rhc1 Rxb5 28. Rxb5 cxb5 29. Rb1 Rd5 30. e4 Rc5 31. Ke3 Kd6 32. Rd1+ Kc7 33. g4 b4 34. Kd4 Kc6 35. h4 b3 36. Rd2 Rc2 37. Kd3 Rxd2+ 38. Kxd2 b2 39. Kc2 b1=R 40. Kxb1 Kd6 41. Kc2 Ke5 42. Kd3 b5 43. g5 fxg5 44. hxg5 b4 45. f6 gxf6 46. gxf6 Kxf6 47. Kc4 Ke5 48. Kxb4 Kxe4 49. Kc3 Ke3 50. Kc2 h5 51. Kd1 Kf2 0-1

[Event "Muensterland Verbandsklasse 2526"]
[Site "Germany"]
[Date "2026.01.31"]
[Round "2"]
[Board "1"]
[White "Hoffmann, Nico"]
[Black "Raus, Michael"]
[Result "1/2-1/2"]
[WhiteElo "1866"]
[BlackElo "1702"]
[WhiteFideId "-1"]
[BlackFideId "-1"]
[PlyCount "70"]
[GameId "2095106920076468"]
[EventDate "2025.??.??"]
[EventType "team-tourn"]
[EventRounds "9"]
[EventCountry "GER"]
[SourceTitle "Verband Muensterland"]
[SourceDate "2026.01.17"]
[SourceVersion "1"]
[SourceVersionDate "2026.01.17"]
[SourceQuality "1"]
[WhiteTeam "Drensteinfurt"]
[BlackTeam "Steinfurt II"]
[WhiteTeamCountry "GER"]
[BlackTeamCountry "GER"]

1. Nf3 e6 2. g3 d5 3. Bg2 Nf6 4. O-O c5 5. d4 Nc6 6. c4 cxd4 7. cxd5 Nxd5 8. Nxd4 Nxd4 9. Qxd4 Nb4 10. Qxd8+ Kxd8 11. Rd1+ Ke8 12. Na3 Bd7 13. Bxb7 Rb8 14. Bf3 Bc5 15. Bf4 Rd8 16. Be5 f6 17. Bd4 Bxd4 18. Rxd4 a5 19. Nc4 Nc2 20. Rad1 Nxd4 21. Rxd4 a4 22. Nb6 Bc8 23. Rxa4 g5 24. g4 f5 25. b4 Ke7 26. Ra7+ Kf6 27. h3 e5 28. Nd5+ Kg6 29. e4 fxg4 30. Bxg4 Bxg4 31. hxg4 Ra8 32. Rc7 Rxa2 33. b5 Rf8 34. Ne7+ Kf6 35. b6 Rb2 1/2-1/2

[Event "Muensterland Verbandsklasse 2526"]
[Site "Germany"]
[Date "2026.01.31"]
[Round "2"]
[Board "2"]
[White "Terhorst, Timo"]
[Black "Prokscha, Maurice"]
[Result "0-1"]
[WhiteElo "1644"]
[BlackElo "1781"]
[WhiteFideId "-1"]
[BlackFideId "-1"]
[PlyCount "40"]
[GameId "2095107169440957"]
[EventDate "2025.??.??"]
[EventType "team-tourn"]
[EventRounds "9"]
[EventCountry "GER"]
[SourceTitle "Verband Muensterland"]
[SourceDate "2026.01.17"]
[SourceVersion "1"]
[SourceVersionDate "2026.01.17"]
[SourceQuality "1"]
[WhiteTeam "Steinfurt II"]
[BlackTeam "Drensteinfurt"]
[WhiteTeamCountry "GER"]
[BlackTeamCountry "GER"]

1. Nf3 d5 2. c4 d4 3. d3 c5 4. g3 Nc6 5. Bg2 Nf6 6. O-O e5 7. Bg5 h6 8. Bxf6 Qxf6 9. Nbd2 g5 10. a3 Qg6 11. Rb1 Be7 12. b4 g4 13. Ne1 h5 14. b5 Nd8 15. Be4 f5 16. Bd5 h4 17. e3 hxg3 18. fxg3 Qh6 19. Qe2 dxe3 20. Nb3 f4 0-1

[Event "Muensterland Verbandsklasse 2526"]
[Site "Germany"]
[Date "2026.01.31"]
[Round "2"]
[Board "3"]
[White "Berkhoff, Tim Henrik"]
[Black "Mellinger, Thomas"]
[Result "1-0"]
[WhiteElo "1790"]
[BlackElo "1662"]
[WhiteFideId "-1"]
[BlackFideId "-1"]
[PlyCount "101"]
[GameId "2095107233178822"]
[EventDate "2025.??.??"]
[EventType "team-tourn"]
[EventRounds "9"]
[EventCountry "GER"]
[SourceTitle "Verband Muensterland"]
[SourceDate "2026.01.17"]
[SourceVersion "1"]
[SourceVersionDate "2026.01.17"]
[SourceQuality "1"]
[WhiteTeam "Drensteinfurt"]
[BlackTeam "Steinfurt II"]
[WhiteTeamCountry "GER"]
[BlackTeamCountry "GER"]

1. e4 e5 2. Nf3 Nf6 3. Nxe5 Nxe4 4. Qe2 Qe7 5. Qxe4 d6 6. d4 dxe5 7. dxe5 Nc6 8. Bf4 g6 9. Nc3 Bf5 10. Qe3 Nb4 11. Bb5+ c6 12. Ba4 Bxc2 13. a3 Nd3+ 14. Kf1 Bxa4 15. Qxd3 Rd8 16. Qe2 Bb3 17. Ne4 Bg7 18. Bg5 Qe6 19. Nc5 Qd5 20. Nxb3 Qxb3 21. Bxd8 Kxd8 22. Qd1+ Qxd1+ 23. Rxd1+ Ke7 24. f4 f6 25. exf6+ Bxf6 26. b3 Bb2 27. a4 Rf8 28. g3 g5 29. Kg2 gxf4 30. gxf4 Rxf4 31. Rhe1+ Kf6 32. Rf1 Rxf1 33. Rxf1+ Ke7 34. Rf4 h6 35. Kf3 a5 36. Ke4 b5 37. Rf5 bxa4 38. bxa4 Bc3 39. Rc5 Bb4 40. Rxc6 Bd6 41. h4 h5 42. Rxd6 Kxd6 43. Kf5 Kc5 44. Kg5 Kb4 45. Kxh5 Kxa4 46. Kg6 Kb3 47. h5 a4 48. h6 a3 49. h7 a2 50. h8=Q Kc2 51. Qa1 1-0

[Event "Muensterland Verbandsklasse 2526"]
[Site "Germany"]
[Date "2026.01.31"]
[Round "2"]
[Board "4"]
[White "Raus, Christina"]
[Black "Broeker, Yannic"]
[Result "0-1"]
[WhiteElo "1557"]
[BlackElo "1863"]
[WhiteFideId "-1"]
[BlackFideId "-1"]
[PlyCount "66"]
[GameId "2095107319190735"]
[EventDate "2025.??.??"]
[EventType "team-tourn"]
[EventRounds "9"]
[EventCountry "GER"]
[SourceTitle "Verband Muensterland"]
[SourceDate "2026.01.17"]
[SourceVersion "1"]
[SourceVersionDate "2026.01.17"]
[SourceQuality "1"]
[WhiteTeam "Steinfurt II"]
[BlackTeam "Drensteinfurt"]
[WhiteTeamCountry "GER"]
[BlackTeamCountry "GER"]

1. d4 e6 2. c4 f5 3. Nc3 Nf6 4. Nf3 Bb4 5. Bd2 O-O 6. e3 b6 7. Be2 Bb7 8. O-O Bxc3 9. Bxc3 Ne4 10. Rc1 d6 11. b3 Nxc3 12. Rxc3 Nd7 13. Nd2 e5 14. d5 a5 15. e4 f4 16. Bg4 Nf6 17. Be6+ Kh8 18. Qf3 Bc8 19. Qh3 Bxe6 20. Qxe6 Nd7 21. Re1 Rf6 22. Qg4 Rg6 23. Qf5 Rf6 24. Qg4 Rg6 25. Qf5 Nc5 26. Rh3 Qf6 27. Qh5 h6 28. Kf1 Rg5 29. Qh4 Qg6 30. g3 Rf8 31. Ke2 Nxe4 32. Nxe4 Qxe4+ 33. Kf1 Qf5 0-1

[Event "Muensterland Verbandsklasse 2526"]
[Site "Germany"]
[Date "2026.01.31"]
[Round "2"]
[Board "5"]
[White "Saphoerster, Arne"]
[Black "Weiermann, Ewald"]
[Result "1-0"]
[WhiteElo "1705"]
[BlackElo "1603"]
[WhiteFideId "-1"]
[BlackFideId "-1"]
[PlyCount "51"]
[GameId "2095107403830488"]
[EventDate "2025.??.??"]
[EventType "team-tourn"]
[EventRounds "9"]
[EventCountry "GER"]
[SourceTitle "Verband Muensterland"]
[SourceDate "2026.01.17"]
[SourceVersion "1"]
[SourceVersionDate "2026.01.17"]
[SourceQuality "1"]
[WhiteTeam "Drensteinfurt"]
[BlackTeam "Steinfurt II"]
[WhiteTeamCountry "GER"]
[BlackTeamCountry "GER"]

1. d4 e6 2. c4 d5 3. Nf3 Nf6 4. g3 Bb4+ 5. Bd2 Bxd2+ 6. Nbxd2 O-O 7. Bg2 Nbd7 8. O-O c5 9. Qc2 Qc7 10. Rac1 cxd4 11. Nxd4 dxc4 12. Nxc4 Nb6 13. Qb3 Nxc4 14. Rxc4 Qd7 15. Rfc1 Nd5 16. Nb5 Nb6 17. Rc7 Qd2 18. e3 a6 19. Nd4 Nd5 20. R7c5 b6 21. R5c2 Qa5 22. Nc6 Qb5 23. Qxb5 axb5 24. Bxd5 exd5 25. Ne7+ Kh8 26. Rxc8 1-0

[Event "Muensterland Verbandsklasse 2526"]
[Site "Germany"]
[Date "2026.01.31"]
[Round "2"]
[Board "6"]
[White "Meinert, Dominik"]
[Black "Walter, Kiara Laurien"]
[Result "1-0"]
[WhiteElo "1500"]
[BlackElo "1690"]
[WhiteFideId "-1"]
[BlackFideId "-1"]
[PlyCount "45"]
[GameId "2095107464140001"]
[EventDate "2025.??.??"]
[EventType "team-tourn"]
[EventRounds "9"]
[EventCountry "GER"]
[SourceTitle "Verband Muensterland"]
[SourceDate "2026.01.17"]
[SourceVersion "1"]
[SourceVersionDate "2026.01.17"]
[SourceQuality "1"]
[WhiteTeam "Steinfurt II"]
[BlackTeam "Drensteinfurt"]
[WhiteTeamCountry "GER"]
[BlackTeamCountry "GER"]

1. e4 c5 2. Nf3 e6 3. Bc4 Nc6 4. O-O Qc7 5. Nc3 a6 6. a4 Nf6 7. d3 g6 8. Be3 b6 9. d4 cxd4 10. Bxd4 Nxd4 11. Qxd4 Bg7 12. e5 Ng8 13. Rfe1 Ne7 14. Rad1 O-O 15. Bd3 f5 16. Qh4 Qc5 17. Re3 Bb7 18. Be2 f4 19. Ne4 Bxe4 20. Rxe4 Qxc2 21. Qxe7 Qxe4 22. Rxd7 Qb1+ 23. Bf1 1-0

[Event "Muensterland Verbandsklasse 2526"]
[Site "Germany"]
[Date "2026.01.31"]
[Round "2"]
[Board "7"]
[White "Walter, Kiron"]
[Black "Mennigen, Niklas"]
[Result "1-0"]
[WhiteElo "1566"]
[BlackElo "1432"]
[WhiteFideId "-1"]
[BlackFideId "-1"]
[PlyCount "41"]
[GameId "2095107553645802"]
[EventDate "2025.??.??"]
[EventType "team-tourn"]
[EventRounds "9"]
[EventCountry "GER"]
[SourceTitle "Verband Muensterland"]
[SourceDate "2026.01.17"]
[SourceVersion "1"]
[SourceVersionDate "2026.01.17"]
[SourceQuality "1"]
[WhiteTeam "Drensteinfurt"]
[BlackTeam "Steinfurt II"]
[WhiteTeamCountry "GER"]
[BlackTeamCountry "GER"]

1. e4 e5 2. Nf3 Nc6 3. Bc4 f5 4. d3 Nf6 5. Nc3 Bb4 6. Bg5 d6 7. exf5 Bxf5 8. O-O Bxc3 9. bxc3 Qe7 10. Re1 O-O-O 11. Bd5 h6 12. Bxf6 gxf6 13. Nh4 Bh7 14. Qg4+ Kb8 15. Rab1 Na5 16. Qa4 c6 17. Qxa5 cxd5 18. Qxd5 Qc7 19. c4 Bg8 20. Qf3 d5 21. Qxf6 1-0